[Event "6MCR_4D_2L_1S"]
[Site "?"]
[Date "2004.??.??"]
[Round "?"]
[White "Brichacek, Milan"]
[Black "Jirku, Jaroslav"]
[Result "0-1"]
[WhiteElo "1960"]
[BlackElo "2251"]
[PlyCount "62"]
[EventDate "2004.??.??"]
[EventType "corr"]
[SourceDate "2004.06.03"]

1. Nf3 Nf6 2. c4 e6 3. Nc3 d5 4. d4 Be7 5. Bg5 O-O 6. e3 h6 7. Bxf6 Bxf6 8. Bd3
c6 9. O-O Nd7 10. Qc2 dxc4 11. Bxc4 e5 12. Rfd1 exd4 13. Nxd4 Qc7 14. Ne4 Be7
15. Rac1 Ne5 16. Be2 Rd8 17. Ng3 Bf6 18. b4 a6 19. Ne4 Be7 20. a3 Ng4 21. Nf3
Bf5 22. Nf6+ Nxf6 23. Rxd8+ Rxd8 24. Qxf5 Bd6 25. Rd1 Nd5 26. Bd3 g6 27. Qg4 b5
28. Rc1 c5 29. bxc5 Bxc5 30. Bxg6 Nf6 31. Qf5 Bxa3 0-1

[Event "6MCR_4D_2L_1S"]
[Site "?"]
[Date "2004.??.??"]
[Round "?"]
[White "Brichacek, Milan"]
[Black "Nudcenko, Karel"]
[Result "0-1"]
[WhiteElo "1960"]
[BlackElo "2200"]
[PlyCount "52"]
[EventDate "2004.??.??"]
[EventType "corr"]
[SourceDate "2004.06.03"]

1. e4 e6 2. Nc3 d5 3. exd5 exd5 4. d4 Nf6 5. Nf3 c6 6. Bd3 Bd6 7. Qe2+ Be7 8.
O-O O-O 9. Bf4 Re8 10. Qd2 Bg4 11. Ne5 Be6 12. Ne2 c5 13. dxc5 Bxc5 14. Ng3 Nc6
15. c3 a5 16. Rae1 a4 17. Re2 Qb6 18. Rfe1 Nxe5 19. Rxe5 Rad8 20. R5e2 Ne4 21.
Qc2 f5 22. b4 axb3 23. axb3 Rc8 24. c4 Bb4 25. Rc1 Qd4 26. Be3 Qf6 0-1

[Event "6MCR_4D_2L_1S"]
[Site "?"]
[Date "2004.??.??"]
[Round "?"]
[White "Brichacek, Milan"]
[Black "Pecka, Josef"]
[Result "0-1"]
[WhiteElo "1960"]
[BlackElo "2312"]
[PlyCount "70"]
[EventDate "2004.??.??"]
[EventType "corr"]
[SourceDate "2004.06.03"]

1. e4 e6 2. Nc3 d5 3. exd5 exd5 4. d4 Bb4 5. Nge2 Nf6 6. a3 Bd6 7. Nf4 c6 8.
Bd3 O-O 9. O-O Re8 10. Re1 Rxe1+ 11. Qxe1 Nbd7 12. Qe3 Nf8 13. Nce2 g5 14. Nh3
Bxh2+ 15. Kh1 h6 16. Ng3 Bxg3 17. Qxg3 Ne4 18. Bxe4 dxe4 19. Be3 f5 20. Rd1 Kf7
21. c3 f4 22. Nxf4 gxf4 23. Qxf4+ Qf6 24. Qxe4 Be6 25. Kh2 Bd5 26. Qd3 Ng6 27.
c4 Qh4+ 28. Kg1 Be4 29. Qe2 Re8 30. f3 Bc2 31. Qxc2 Rxe3 32. Qf5+ Kg7 33. Qd7+
Kf6 34. Qd6+ Re6 35. Qd8+ Re7 0-1

[Event "6MCR_4D_2L_1S"]
[Site "?"]
[Date "2004.??.??"]
[Round "?"]
[White "Brichacek, Milan"]
[Black "Pravec, Ladislav"]
[Result "0-1"]
[WhiteElo "1960"]
[BlackElo "2350"]
[PlyCount "66"]
[EventDate "2004.??.??"]
[EventType "corr"]
[SourceDate "2004.06.03"]

1. e4 c5 2. Nf3 Nc6 3. Bc4 e6 4. Nc3 a6 5. d4 cxd4 6. Nxd4 Qc7 7. Nf3 Nf6 8.
O-O b5 9. Bd3 Bb7 10. a3 Be7 11. Bg5 O-O 12. Qd2 Rad8 13. Rad1 d5 14. exd5 Nxd5
15. Nxd5 Rxd5 16. Bf4 Qd7 17. Qe3 Rd8 18. Ne5 Nxe5 19. Bxe5 h6 20. Qg3 f6 21.
Bf4 Bd6 22. Qg4 f5 23. Qh4 Bxf4 24. Qxf4 e5 25. Qc1 Qc6 26. f3 e4 27. Be2 Qb6+
28. Kh1 e3 29. Bd3 f4 30. Qb1 Kh8 31. b4 Qf6 32. Rfe1 Qh4 33. Be2 Rd2 0-1

[Event "6MCR_4D_2L_1S"]
[Site "?"]
[Date "2004.??.??"]
[Round "?"]
[White "Brichacek, Milan"]
[Black "Toman, Antonin"]
[Result "0-1"]
[WhiteElo "1960"]
[BlackElo "2200"]
[PlyCount "52"]
[EventDate "2004.??.??"]
[EventType "corr"]
[SourceDate "2004.06.03"]

1. e4 e6 2. d4 d5 3. Nd2 c5 4. Ngf3 Nf6 5. exd5 exd5 6. Bb5+ Bd7 7. Bxd7+ Nbxd7
8. O-O Be7 9. dxc5 Nxc5 10. Nb3 O-O 11. Be3 Nce4 12. Re1 Re8 13. Bd4 Qc7 14.
Qd3 Nh5 15. Be3 Nhf6 16. Rad1 a5 17. a4 Qc6 18. Ra1 Bd6 19. Nbd4 Qd7 20. c3 Ng4
21. Qb5 Qc7 22. h3 Nxe3 23. Rxe3 Nf6 24. Rae1 Rxe3 25. Rxe3 Bc5 26. Qd3 Qd7 0-1

[Event "6MCR_4D_2L_1S"]
[Site "?"]
[Date "2004.??.??"]
[Round "?"]
[White "Brichacek, Milan"]
[Black "Zatrapa, Petr"]
[Result "0-1"]
[WhiteElo "1960"]
[BlackElo "2301"]
[PlyCount "90"]
[EventDate "2004.??.??"]
[EventType "corr"]
[SourceDate "2004.06.03"]

1. e4 e5 2. Nc3 Nc6 3. Nf3 Nf6 4. Bb5 Bc5 5. O-O O-O 6. d3 d6 7. Na4 Nd4 8.
Nxc5 dxc5 9. Nxd4 cxd4 10. f4 Qd6 11. Qf3 Be6 12. f5 a6 13. Ba4 Bd7 14. Bxd7
Nxd7 15. Bg5 f6 16. Bd2 c5 17. Qh5 b5 18. Rf3 Rf7 19. Rh3 Nf8 20. a3 Raa7 21.
b3 Rfc7 22. Qh4 Qb6 23. Qe1 Rc8 24. Rb1 Rb7 25. Qh4 a5 26. Rg3 Ra8 27. Bh6 a4
28. Qh5 axb3 29. Rxb3 b4 30. Bc1 Qc7 31. Qd1 bxa3 32. Rxa3 Rxa3 33. Bxa3 Qa5
34. Bc1 Rb1 35. Rf3 Qc3 36. Rf1 Nd7 37. Qe2 c4 38. dxc4 Qa1 39. Qd1 Nc5 40. Bb2
Rxd1 41. Bxa1 Rd2 42. Rf2 Nxe4 43. Rxd2 Nxd2 44. Kf2 Nxc4 45. Ke2 h5 0-1

[Event "6MCR_4D_2L_1S"]
[Site "?"]
[Date "2004.??.??"]
[Round "?"]
[White "Jirku, Jaroslav"]
[Black "Brichacek, Milan"]
[Result "1-0"]
[WhiteElo "2251"]
[BlackElo "1960"]
[PlyCount "57"]
[EventDate "2004.??.??"]
[EventType "corr"]
[SourceDate "2004.06.03"]

1. e4 e6 2. d4 d5 3. Nc3 dxe4 4. Nxe4 Nd7 5. g3 Ngf6 6. Nxf6+ Nxf6 7. Bg2 e5 8.
Nf3 e4 9. Ne5 c5 10. c3 Bd6 11. Qa4+ Bd7 12. Nxd7 Qxd7 13. Qxd7+ Kxd7 14. dxc5
Bxc5 15. Bf4 Rhe8 16. O-O-O+ Kc6 17. Rhe1 Re6 18. Bh3 Re7 19. b4 Bxf2 20. Rd6+
Kb5 21. Rf1 Bc5 22. bxc5 e3 23. Rd4 Rae8 24. Re1 e2 25. Bd6 Re4 26. Bg2 Rxd4
27. cxd4 Kc4 28. Bxb7 Kxd4 29. c6 1-0

[Event "6MCR_4D_2L_1S"]
[Site "?"]
[Date "2004.??.??"]
[Round "?"]
[White "Jirku, Jaroslav"]
[Black "Nudcenko, Karel"]
[Result "1/2-1/2"]
[WhiteElo "2251"]
[BlackElo "2200"]
[PlyCount "89"]
[EventDate "2004.??.??"]
[EventType "corr"]
[SourceDate "2004.06.03"]

1. e4 e6 2. d4 d5 3. Nc3 Bb4 4. e5 c5 5. Bd2 Ne7 6. Nb5 Bxd2+ 7. Qxd2 O-O 8. c3
f6 9. exf6 Rxf6 10. dxc5 Nd7 11. b4 b6 12. cxb6 Qxb6 13. Nf3 a6 14. Na3 Bb7 15.
Nc2 Ng6 16. Ne3 Rxf3 17. gxf3 Nde5 18. Be2 Nh4 19. O-O-O Nhxf3 20. Qb2 Bc6 21.
Kb1 Bb5 22. Bxf3 Nxf3 23. h4 a5 24. Rh3 Ne5 25. Rg3 Nd3 26. Qb3 Qc6 27. Qc2
axb4 28. cxb4 Nxb4 29. Qxc6 Nxc6 30. h5 Kf7 31. Rdg1 g6 32. hxg6+ hxg6 33. Kb2
Rb8 34. Ka1 d4 35. Nc2 Be2 36. Rxg6 d3 37. Ne3 Rb4 38. Rg7+ Kf6 39. R1g6+ Ke5
40. Rc7 Nd4 41. Rc5+ Ke4 42. Rc4 Rxc4 43. Nxc4 Kd5 44. Ne3+ Ke4 45. Nc4 1/2-1/2

[Event "6MCR_4D_2L_1S"]
[Site "?"]
[Date "2004.??.??"]
[Round "?"]
[White "Jirku, Jaroslav"]
[Black "Pecka, Josef"]
[Result "1/2-1/2"]
[WhiteElo "2251"]
[BlackElo "2312"]
[PlyCount "85"]
[EventDate "2004.??.??"]
[EventType "corr"]
[SourceDate "2004.06.03"]

1. e4 e5 2. Nf3 Nc6 3. Bb5 a6 4. Ba4 Nf6 5. O-O Be7 6. Re1 b5 7. Bb3 O-O 8. c3
d5 9. exd5 Nxd5 10. Nxe5 Nxe5 11. Rxe5 c6 12. d3 Bd6 13. Re1 Bf5 14. Qf3 Qh4
15. g3 Qh3 16. Bxd5 cxd5 17. Bf4 Bg4 18. Qg2 Bxf4 19. Qxh3 Bxh3 20. gxf4 d4 21.
Nd2 Rfd8 22. c4 Rac8 23. cxb5 axb5 24. Rac1 Rxc1 25. Rxc1 Ra8 26. a3 Ra6 27.
Rc5 b4 28. Nc4 bxa3 29. bxa3 Rg6+ 30. Rg5 Rf6 31. f3 Bf5 32. Nd6 Bxd3 33. Rd5
Rxf4 34. Nf5 f6 35. Nxd4 Bc4 36. Rd8+ Kf7 37. Kf2 Rh4 38. Kg3 g5 39. Rd7+ Ke8
40. Rd6 Rf4 41. Nc6 h5 42. Rd8+ Kf7 43. Nd4 1/2-1/2

[Event "6MCR_4D_2L_1S"]
[Site "?"]
[Date "2004.??.??"]
[Round "?"]
[White "Jirku, Jaroslav"]
[Black "Pravec, Ladislav"]
[Result "1/2-1/2"]
[WhiteElo "2251"]
[BlackElo "2350"]
[PlyCount "99"]
[EventDate "2004.??.??"]
[EventType "corr"]
[SourceDate "2004.06.03"]

1. e4 c5 2. Nf3 Nc6 3. d4 cxd4 4. Nxd4 Nf6 5. Nc3 d6 6. Bg5 Qb6 7. Nb3 e6 8.
Bd3 Be7 9. O-O O-O 10. Kh1 Bd7 11. Be3 Qc7 12. f4 a6 13. a3 b5 14. Qe2 Rfd8 15.
Rfd1 Rdb8 16. Qd2 b4 17. axb4 Nxb4 18. Be2 a5 19. Nd4 a4 20. Bf3 Ra5 21. Re1 e5
22. Nf5 Bf8 23. fxe5 dxe5 24. Bg5 Bxf5 25. exf5 Ne8 26. Re2 f6 27. Be3 Nd6 28.
Bf2 Nxf5 29. Nxa4 Nd4 30. Bxd4 exd4 31. Qd1 Qa7 32. b3 Rc8 33. Rd2 Qe7 34. Rb1
Re5 35. Rxd4 Nxc2 36. Rd7 Qe8 37. Bd5+ Kh8 38. Bf7 Re1+ 39. Qxe1 Qxd7 40. Qe6
Qxe6 41. Bxe6 Rd8 42. Nc3 g6 43. Rd1 Rxd1+ 44. Nxd1 f5 45. g3 Kg7 46. Kg2 Kf6
47. Bg8 Bc5 48. Nb2 h6 49. Nd3 Bd6 50. Kf3 1/2-1/2

[Event "6MCR_4D_2L_1S"]
[Site "?"]
[Date "2004.??.??"]
[Round "?"]
[White "Jirku, Jaroslav"]
[Black "Toman, Antonin"]
[Result "1/2-1/2"]
[WhiteElo "2251"]
[BlackElo "2199"]
[PlyCount "83"]
[EventDate "2004.??.??"]
[EventType "corr"]
[SourceDate "2004.06.03"]

1. e4 e5 2. Nf3 Nc6 3. Bb5 a6 4. Ba4 Nf6 5. O-O Be7 6. Re1 b5 7. Bb3 O-O 8. c3
d5 9. exd5 Nxd5 10. Nxe5 Nxe5 11. Rxe5 c6 12. d3 Bd6 13. Re1 Qh4 14. g3 Qh3 15.
Re4 Qf5 16. Nd2 Qg6 17. Re1 f5 18. f4 Bxf4 19. Qf3 Bb8 20. Bxd5+ cxd5 21. Nb3
Qf7 22. Bf4 Ba7+ 23. d4 Be6 24. a4 bxa4 25. Rxa4 Bd7 26. Raa1 Bb5 27. Re5 Bb8
28. Re3 Ba7 29. Rae1 Rae8 30. Re5 Rxe5 31. Bxe5 Rd8 32. Na1 Rd7 33. Nc2 a5 34.
b3 h6 35. h3 Kh7 36. Kh2 g6 37. g4 fxg4 38. Qxf7+ Rxf7 39. Ne3 gxh3 40. Nxd5 g5
41. Ra1 a4 42. c4 1/2-1/2

[Event "6MCR_4D_2L_1S"]
[Site "?"]
[Date "2004.??.??"]
[Round "?"]
[White "Jirku, Jaroslav"]
[Black "Zatrapa, Petr"]
[Result "1/2-1/2"]
[WhiteElo "2251"]
[BlackElo "2301"]
[PlyCount "94"]
[EventDate "2004.??.??"]
[EventType "corr"]
[SourceDate "2004.06.03"]

1. e4 e5 2. Nf3 Nc6 3. Bb5 a6 4. Ba4 Nf6 5. O-O Be7 6. Re1 b5 7. Bb3 d6 8. c3
O-O 9. h3 Bb7 10. d4 Re8 11. Nbd2 Bf8 12. a4 h6 13. Bc2 exd4 14. cxd4 Nb4 15.
Bb1 c5 16. d5 Nd7 17. Ra3 f5 18. Nh2 Nf6 19. Rf3 Re5 20. Rxf5 Rxf5 21. exf5
Bxd5 22. Ng4 Ra7 23. Ne4 Bxe4 24. Bxe4 Nxg4 25. Qxg4 d5 26. Bb1 Re7 27. Be3 Qd6
28. Rc1 c4 29. axb5 axb5 30. Bd4 Qd7 31. Rd1 Nc6 32. Be3 Rf7 33. Bxh6 Ne7 34.
Bc1 Nxf5 35. Be4 d4 36. Bxf5 Qxf5 37. Qxf5 Rxf5 38. Rxd4 Bc5 39. Rd2 b4 40. Rc2
b3 41. Rxc4 Bxf2+ 42. Kh2 Rd5 43. Bf4 Bd4 44. Rb4 Bxb2 45. Rxb3 Bf6 46. Rb7 Rd3
47. Kg1 Kh7 1/2-1/2

[Event "6MCR_4D_2L_1S"]
[Site "?"]
[Date "2004.??.??"]
[Round "?"]
[White "Nudcenko, Karel"]
[Black "Brichacek, Milan"]
[Result "1-0"]
[WhiteElo "2200"]
[BlackElo "1960"]
[PlyCount "63"]
[EventDate "2004.??.??"]
[EventType "corr"]
[SourceDate "2004.06.03"]

1. e4 e6 2. d4 d5 3. e5 c5 4. c3 Nc6 5. Nf3 Qb6 6. Bd3 cxd4 7. cxd4 Bb4+ 8. Nc3
Bd7 9. a3 Bf8 10. Be3 Na5 11. Rb1 Rc8 12. O-O Nc4 13. Qe2 Be7 14. Rfc1 Nxe3 15.
Qxe3 Nh6 16. Rc2 O-O 17. Rbc1 Qd8 18. Qf4 Qb6 19. Qd2 Qb3 20. h3 a6 21. Qe3 Rc6
22. Nd2 Qb6 23. b4 Rfc8 24. Nb3 R6c7 25. Nc5 Bc6 26. f4 Kh8 27. g4 Ng8 28. f5
Be8 29. g5 a5 30. f6 Bf8 31. fxg7+ Bxg7 32. N5a4 1-0

[Event "6MCR_4D_2L_1S"]
[Site "?"]
[Date "2004.??.??"]
[Round "?"]
[White "Nudcenko, Karel"]
[Black "Jirku, Jaroslav"]
[Result "1/2-1/2"]
[WhiteElo "2200"]
[BlackElo "2251"]
[PlyCount "73"]
[EventDate "2004.??.??"]
[EventType "corr"]
[SourceDate "2004.06.03"]

1. e4 e5 2. Nf3 Nc6 3. Bb5 a6 4. Ba4 Nf6 5. O-O Be7 6. Re1 b5 7. Bb3 O-O 8. c3
d6 9. h3 Na5 10. Bc2 c5 11. d4 Qc7 12. Nbd2 cxd4 13. cxd4 Bb7 14. d5 Rac8 15.
Bb1 Nd7 16. Nf1 Nc4 17. b3 Ncb6 18. Ne3 g6 19. Bd2 Nc5 20. Ba5 Bd8 21. Bc2 Qd7
22. Qd2 f5 23. exf5 gxf5 24. Bxb6 Bxb6 25. b4 Ne4 26. Bxe4 fxe4 27. Ng5 Kh8 28.
Rac1 Rxc1 29. Rxc1 Qe8 30. Ne6 Rg8 31. a4 Qg6 32. axb5 axb5 33. Rc2 Qh6 34. Kh2
Qg6 35. Qd1 Bxe3 36. fxe3 Qg3+ 37. Kh1 1/2-1/2

[Event "6MCR_4D_2L_1S"]
[Site "?"]
[Date "2004.??.??"]
[Round "?"]
[White "Nudcenko, Karel"]
[Black "Pecka, Josef"]
[Result "1/2-1/2"]
[WhiteElo "2200"]
[BlackElo "2312"]
[PlyCount "105"]
[EventDate "2004.??.??"]
[EventType "corr"]
[SourceDate "2004.06.03"]

1. e4 e5 2. Nf3 Nc6 3. Bb5 a6 4. Ba4 Nf6 5. O-O Be7 6. Re1 b5 7. Bb3 O-O 8. c3
d5 9. exd5 Nxd5 10. Nxe5 Nxe5 11. Rxe5 c6 12. d4 Bd6 13. Re1 Qh4 14. g3 Qh3 15.
Be3 Bg4 16. Qd3 Rae8 17. Nd2 Re6 18. Bxd5 cxd5 19. a4 f5 20. Qf1 Qh5 21. axb5
Bh3 22. Qd3 axb5 23. f4 Rb8 24. Bf2 Rxe1+ 25. Rxe1 Bg4 26. Re6 Bf8 27. Re5 Qf7
28. Nf3 h6 29. Re1 Bxf3 30. Qxf3 b4 31. Re5 bxc3 32. bxc3 Rd8 33. Qe2 g6 34.
Re6 Rd6 35. Rxd6 Bxd6 36. Qa6 Qe6 37. Qc6 g5 38. c4 dxc4 39. d5 Qg6 40. fxg5
hxg5 41. Qxc4 Qe8 42. Qc1 f4 43. Qc4 Qe5 44. Qd3 Kf7 45. g4 Ke7 46. h4 f3 47.
Qxf3 Qh2+ 48. Kf1 gxh4 49. Qe4+ Be5 50. Bc5+ Kf6 51. Qf5+ Kg7 52. Qf8+ Kg6 53.
Qg8+ 1/2-1/2

[Event "6MCR_4D_2L_1S"]
[Site "?"]
[Date "2004.??.??"]
[Round "?"]
[White "Nudcenko, Karel"]
[Black "Pravec, Ladislav"]
[Result "1/2-1/2"]
[WhiteElo "2200"]
[BlackElo "2350"]
[PlyCount "59"]
[EventDate "2004.??.??"]
[EventType "corr"]
[SourceDate "2004.06.03"]

1. e4 c5 2. Nf3 Nc6 3. Bb5 g6 4. O-O Bg7 5. c3 Nf6 6. Qe2 O-O 7. Rd1 Qb6 8. d4
cxd4 9. cxd4 d5 10. e5 Ne4 11. Nc3 Nxc3 12. bxc3 Bf5 13. Ba3 Rfe8 14. Bc5 Qc7
15. a4 a6 16. Bxc6 Qxc6 17. a5 Rac8 18. Nh4 Bd7 19. Rdb1 Qc7 20. f4 Bb5 21. Qg4
e6 22. Rb3 Qd7 23. Nf3 Rc6 24. Qg3 Qc7 25. Bd6 Qd7 26. Ne1 Rec8 27. Qe3 Bc4 28.
Rb2 Bb5 29. Rc2 Qd8 30. Nf3 1/2-1/2

[Event "6MCR_4D_2L_1S"]
[Site "?"]
[Date "2004.??.??"]
[Round "?"]
[White "Nudcenko, Karel"]
[Black "Toman, Antonin"]
[Result "1-0"]
[WhiteElo "2200"]
[BlackElo "2199"]
[PlyCount "71"]
[EventDate "2004.??.??"]
[EventType "corr"]
[SourceDate "2004.06.03"]

1. e4 d5 2. exd5 Nf6 3. d4 Nxd5 4. c4 Nb6 5. Nf3 Bg4 6. Be2 e6 7. c5 Nd5 8. Nc3
Nc6 9. Qb3 Qd7 10. Be3 O-O-O 11. O-O Be7 12. h3 Bf5 13. Rad1 Bf6 14. Bb5 a6 15.
Ba4 Qe8 16. Rfe1 h6 17. Nxd5 Rxd5 18. Qa3 Kb8 19. b4 g5 20. b5 axb5 21. Bxb5 g4
22. hxg4 Bxg4 23. Be2 Bf5 24. Rd2 Be4 25. Rb2 Nd8 26. Nd2 Bxg2 27. Kxg2 Bxd4
28. Bxd4 Rxd4 29. Kf1 Rg8 30. Bf3 Ra4 31. Qc3 Ra7 32. Ne4 Qe7 33. Nf6 Rg5 34.
c6 b6 35. Rd1 Raa5 36. Rd7 1-0

[Event "6MCR_4D_2L_1S"]
[Site "?"]
[Date "2004.??.??"]
[Round "?"]
[White "Nudcenko, Karel"]
[Black "Zatrapa, Petr"]
[Result "1/2-1/2"]
[WhiteElo "2200"]
[BlackElo "2301"]
[PlyCount "83"]
[EventDate "2004.??.??"]
[EventType "corr"]
[SourceDate "2004.06.03"]

1. e4 e5 2. Nf3 Nc6 3. Bb5 a6 4. Ba4 Nf6 5. O-O Be7 6. Re1 b5 7. Bb3 d6 8. c3
O-O 9. h3 Bb7 10. d4 Re8 11. Nbd2 Bf8 12. d5 Ne7 13. c4 c6 14. Bc2 bxc4 15.
dxc6 Nxc6 16. Nxc4 Qc7 17. Ba4 d5 18. exd5 Rad8 19. Ne3 Bb4 20. Re2 e4 21. Ng5
Qe5 22. Rc2 Qxg5 23. Rxc6 Bxc6 24. Bxc6 Qe5 25. Nc4 Qe6 26. Ne3 Qe5 27. Bxe8
Nxe8 28. Nc4 Qxd5 29. Qxd5 Rxd5 30. Be3 h6 31. a3 Be7 32. Rc1 f5 33. Kf1 g5 34.
Ke2 Kf7 35. b4 Ke6 36. Nb6 Rd3 37. Rc6+ Rd6 38. Rc4 Rd3 39. a4 Nf6 40. Rc6+ Rd6
41. Rc4 Rd3 42. Rc6+ 1/2-1/2

[Event "6MCR_4D_2L_1S"]
[Site "?"]
[Date "2004.??.??"]
[Round "?"]
[White "Pecka, Josef"]
[Black "Brichacek, Milan"]
[Result "1-0"]
[WhiteElo "2312"]
[BlackElo "1960"]
[PlyCount "73"]
[EventDate "2004.??.??"]
[EventType "corr"]
[SourceDate "2004.06.03"]

1. e4 e6 2. d4 d5 3. Nc3 dxe4 4. Nxe4 Nd7 5. Nf3 Ngf6 6. Nxf6+ Nxf6 7. Bd3 Bd6
8. O-O O-O 9. Bg5 b6 10. Ne5 Bb7 11. Qe2 a6 12. Rad1 Be7 13. c3 Qd5 14. f3 Qd6
15. Bb1 c5 16. Qc2 g6 17. Qf2 cxd4 18. Rfe1 Nd5 19. Bxe7 Qxe7 20. Rxd4 Rad8 21.
Be4 b5 22. Ng4 f5 23. Bxd5 Rxd5 24. Ne5 f4 25. b3 Rdd8 26. c4 bxc4 27. bxc4 Qg5
28. a4 Qe7 29. a5 Qb4 30. Red1 Qxa5 31. Nd7 e5 32. R4d2 Rf7 33. Nf6+ Rxf6 34.
Rxd8+ Rf8 35. Rxf8+ Kxf8 36. Qh4 Qb6+ 37. Kh1 1-0

[Event "6MCR_4D_2L_1S"]
[Site "?"]
[Date "2004.??.??"]
[Round "?"]
[White "Pecka, Josef"]
[Black "Jirku, Jaroslav"]
[Result "0-1"]
[WhiteElo "2312"]
[BlackElo "2251"]
[PlyCount "82"]
[EventDate "2004.??.??"]
[EventType "corr"]
[SourceDate "2004.06.03"]

1. e4 e5 2. f4 exf4 3. Bc4 Nf6 4. Nc3 c6 5. Bb3 d5 6. exd5 cxd5 7. Nf3 Bd6 8.
O-O O-O 9. d4 Be6 10. Nb5 Nc6 11. Nxd6 Qxd6 12. c3 h6 13. Ne5 g5 14. g3 Bh3 15.
Rf3 fxg3 16. Rxg3 Bf5 17. Qf1 Nxe5 18. Qxf5 Ng6 19. Be3 Ne4 20. Qxd5 Qxd5 21.
Bxd5 Nxg3 22. hxg3 Rfe8 23. Bf2 Re7 24. Re1 Rae8 25. Kf1 b6 26. c4 Rxe1+ 27.
Bxe1 Ne7 28. Be4 f5 29. Bf3 Kf7 30. Bh5+ Ng6 31. b4 Re3 32. c5 Rd3 33. Bf2 Kf6
34. Be2 Rd2 35. Bc4 f4 36. g4 Ke7 37. Bd5 Nf8 38. a4 Nd7 39. Be4 Ra2 40. d5
bxc5 41. bxc5 Rxf2+ 0-1

[Event "6MCR_4D_2L_1S"]
[Site "?"]
[Date "2004.??.??"]
[Round "?"]
[White "Pecka, Josef"]
[Black "Nudcenko, Karel"]
[Result "1/2-1/2"]
[WhiteElo "2312"]
[BlackElo "2200"]
[PlyCount "76"]
[EventDate "2004.??.??"]
[EventType "corr"]
[SourceDate "2004.06.03"]

1. e4 e6 2. d4 d5 3. Nc3 Bb4 4. e5 c5 5. a3 Bxc3+ 6. bxc3 Qc7 7. Qg4 Ne7 8.
Qxg7 Rg8 9. Qxh7 cxd4 10. Ne2 Nbc6 11. f4 Bd7 12. Qd3 dxc3 13. Rb1 O-O-O 14. h3
d4 15. g4 Be8 16. Bg2 Nd5 17. O-O Nb6 18. Bxc6 Qxc6 19. Nxd4 Qc7 20. Rf3 Nd5
21. Be3 Kb8 22. Bf2 Ka8 23. f5 Bd7 24. fxe6 Bxe6 25. Qe4 Qc4 26. Rxb7 Kxb7 27.
Nxe6 Qxe4 28. Nc5+ Kc6 29. Nxe4 Rb8 30. Nxc3 Nxc3 31. Rxc3+ Kd5 32. Rd3+ Ke6
33. Bxa7 Rb2 34. c3 Kxe5 35. Rf3 Ke4 36. Rxf7 Rh8 37. Rf2 Rxf2 38. Kxf2 Rxh3
1/2-1/2

[Event "6MCR_4D_2L_1S"]
[Site "?"]
[Date "2004.??.??"]
[Round "?"]
[White "Pecka, Josef"]
[Black "Pravec, Ladislav"]
[Result "0-1"]
[WhiteElo "2312"]
[BlackElo "2350"]
[PlyCount "68"]
[EventDate "2004.??.??"]
[EventType "corr"]
[SourceDate "2004.06.03"]

1. e4 c5 2. Nf3 Nc6 3. Bb5 g6 4. O-O Bg7 5. c3 Nf6 6. Re1 a6 7. Bxc6 bxc6 8. d3
O-O 9. Qa4 Qc7 10. e5 Nd5 11. Qh4 f6 12. exf6 exf6 13. Nbd2 d6 14. Nc4 Bf5 15.
Rd1 Rad8 16. Ne3 Bc8 17. Qg3 Ne7 18. Re1 g5 19. Nd2 h6 20. f4 gxf4 21. Qxf4 f5
22. Nec4 Ng6 23. Qg3 Kh7 24. Nf3 f4 25. Qf2 Qf7 26. Qf1 Bg4 27. Na5 Bxf3 28.
Qxf3 Nh4 29. Qf2 f3 30. g3 Ng2 31. Rf1 Qh5 32. Nc4 Rde8 33. Ne3 d5 34. Bd2 d4
0-1

[Event "6MCR_4D_2L_1S"]
[Site "?"]
[Date "2004.??.??"]
[Round "?"]
[White "Pecka, Josef"]
[Black "Toman, Antonin"]
[Result "0-1"]
[WhiteElo "2312"]
[BlackElo "2199"]
[PlyCount "118"]
[EventDate "2004.??.??"]
[EventType "corr"]
[SourceDate "2004.06.03"]

1. e4 d5 2. exd5 Nf6 3. Bb5+ Bd7 4. Bc4 Bg4 5. f3 Bc8 6. Nc3 Nbd7 7. Qe2 Nb6 8.
Qd3 g6 9. Nge2 Bg7 10. Ng3 O-O 11. O-O Nfd7 12. Qe2 Nxc4 13. Qxc4 Nb6 14. Qb5
e6 15. dxe6 Bxe6 16. d3 Re8 17. Nge2 c6 18. Qc5 Nd5 19. Re1 Qh4 20. Bd2 Be5 21.
g3 Qf6 22. Qf2 Bc7 23. Ne4 Qd8 24. Nc5 Bc8 25. c4 Nf6 26. Rad1 b6 27. Ne4 Nxe4
28. dxe4 Qe7 29. Bf4 Ba6 30. b3 Rad8 31. Qe3 Bxf4 32. Nxf4 Bc8 33. Qc3 Qc5+ 34.
Kg2 Qa3 35. Rxd8 Rxd8 36. Re2 Qd6 37. e5 Qd1 38. Re1 Qd7 39. Re3 Qf5 40. Rd3
Re8 41. h4 h6 42. Rd6 c5 43. Nd5 Qh3+ 44. Kf2 Qh2+ 45. Ke3 Qxg3 46. Nf6+ Kf8
47. Nxe8 Kxe8 48. Kd2 Qxh4 49. Kc1 Qf4+ 50. Kb2 h5 51. Rd1 Be6 52. Ka3 Kf8 53.
Re1 Kg7 54. Kb2 h4 55. Re4 Qg3 56. Qd2 Bf5 57. Re3 h3 58. Ka3 Qg5 59. Qf2 Qg2
0-1

[Event "6MCR_4D_2L_1S"]
[Site "?"]
[Date "2004.??.??"]
[Round "?"]
[White "Pecka, Josef"]
[Black "Zatrapa, Petr"]
[Result "0-1"]
[WhiteElo "2312"]
[BlackElo "2301"]
[PlyCount "64"]
[EventDate "2004.??.??"]
[EventType "corr"]
[SourceDate "2004.06.03"]

1. e4 e5 2. f4 exf4 3. Bc4 Nf6 4. Nc3 c6 5. Bb3 d5 6. exd5 cxd5 7. Nf3 Be6 8.
d4 Bd6 9. O-O O-O 10. Nb5 Nc6 11. Nxd6 Qxd6 12. c3 Bg4 13. Qd3 Ne7 14. Ne5 Bf5
15. Qe2 g5 16. g3 Ne4 17. gxf4 g4 18. c4 dxc4 19. Bxc4 Rac8 20. Rd1 h5 21. Qe1
Kg7 22. Bb3 Nd5 23. Nc4 Qf6 24. Ne5 Qd8 25. Bd2 f6 26. Nc4 Qd7 27. Bc1 Rfe8 28.
Qa5 g3 29. Ba4 Qe6 30. Bxe8 Nec3 31. Ne5 Ne2+ 32. Kf1 fxe5 0-1

[Event "6MCR_4D_2L_1S"]
[Site "?"]
[Date "2004.??.??"]
[Round "?"]
[White "Pravec, Ladislav"]
[Black "Brichacek, Milan"]
[Result "1-0"]
[WhiteElo "2350"]
[BlackElo "1960"]
[PlyCount "47"]
[EventDate "2004.??.??"]
[EventType "corr"]
[SourceDate "2004.06.03"]

1. d4 d5 2. c4 dxc4 3. e4 b5 4. a4 c6 5. axb5 cxb5 6. Nc3 Bd7 7. Nf3 e6 8. Be2
Nf6 9. O-O Bb4 10. Qc2 a5 11. Rd1 Qb6 12. Bg5 a4 13. Bxf6 gxf6 14. Qc1 h5 15.
e5 Bc6 16. Qf4 f5 17. d5 Bxc3 18. dxe6 Bxb2 19. Qxf5 Ra7 20. Ng5 Kf8 21. Nxf7
Be8 22. Nxh8+ Kg8 23. Ng6 Bxg6 24. Qxg6+ 1-0

[Event "6MCR_4D_2L_1S"]
[Site "?"]
[Date "2004.??.??"]
[Round "?"]
[White "Pravec, Ladislav"]
[Black "Jirku, Jaroslav"]
[Result "1/2-1/2"]
[WhiteElo "2350"]
[BlackElo "2251"]
[PlyCount "90"]
[EventDate "2004.??.??"]
[EventType "corr"]
[SourceDate "2004.06.03"]

1. d4 d5 2. c4 e6 3. Nc3 Nf6 4. Nf3 Be7 5. Bf4 O-O 6. e3 c5 7. dxc5 Bxc5 8. a3
Nc6 9. Rc1 d4 10. exd4 Nxd4 11. Ne5 a5 12. Bd3 b6 13. O-O Bb7 14. Bg5 h6 15.
Bh4 Nf5 16. Bxf5 exf5 17. Qxd8 Rfxd8 18. Bxf6 gxf6 19. Nf3 Bxf3 20. gxf3 Rd2
21. b3 Bxa3 22. Rcd1 Rb2 23. Rb1 Rc2 24. Nd5 Bc5 25. Rbc1 Bxf2+ 26. Kg2 Rxc1
27. Rxc1 Bc5 28. Rc2 Rd8 29. Rd2 Kf8 30. Kg3 Be3 31. Ra2 Re8 32. Nxf6 Re6 33.
Nd5 Rg6+ 34. Kh3 Bc5 35. Kh4 Rg1 36. Rd2 Rb1 37. Rd3 Rh1 38. Rd2 Rf1 39. Rd3
Rc1 40. Nc3 Rh1 41. Kh3 Ke7 42. f4 f6 43. Na4 Ke6 44. Nc3 Rg1 45. Rf3 Kf7
1/2-1/2

[Event "6MCR_4D_2L_1S"]
[Site "?"]
[Date "2004.??.??"]
[Round "?"]
[White "Pravec, Ladislav"]
[Black "Nudcenko, Karel"]
[Result "1-0"]
[WhiteElo "2350"]
[BlackElo "2200"]
[PlyCount "117"]
[EventDate "2004.??.??"]
[EventType "corr"]
[SourceDate "2004.06.03"]

1. d4 d5 2. c4 c6 3. Nf3 Nf6 4. Nc3 e6 5. e3 Nbd7 6. Bd3 dxc4 7. Bxc4 b5 8. Bd3
a6 9. e4 c5 10. e5 cxd4 11. Nxb5 Nxe5 12. Nxe5 axb5 13. Bxb5+ Bd7 14. Nxd7 Qa5+
15. Bd2 Qxb5 16. Nxf8 Kxf8 17. b3 Nd5 18. a4 Qd3 19. Qe2 Qxb3 20. O-O Qc2 21.
Rfc1 d3 22. Qe1 Qb2 23. a5 Qd4 24. Rab1 h6 25. Rb7 Kg8 26. h3 Ra6 27. Rc8+ Kh7
28. Rxh8+ Kxh8 29. Qc1 Rd6 30. Rxf7 Kg8 31. Rb7 Nf6 32. Rb4 Qd5 33. Qc4 Qe5 34.
Bc3 Qd5 35. Qxd5 Nxd5 36. Rd4 Rc6 37. Bd2 Rc2 38. Rxd3 Kf7 39. Kf1 Ra2 40. Ke1
g5 41. g3 Ke7 42. Kd1 Kd6 43. Kc1 Kc5 44. Kb1 Ra4 45. Kb2 e5 46. Rb3 Rd4 47.
Kc2 Rc4+ 48. Kb1 Rd4 49. Rb2 Ra4 50. Rb8 Kc4 51. Re8 Nc3+ 52. Bxc3 Kxc3 53.
Rxe5 Rb4+ 54. Kc1 Ra4 55. Kd1 Kd3 56. Re3+ Kd4 57. Re6 Rxa5 58. Rxh6 Ke4 59.
Ke2 1-0